000 00545nam a2200193Ia 4500
003 GCL
008 140319s9999 xx 000 0 eng d
040 _aGCL /
_cGCL
082 0 4 _a863
_bB C
100 1 _aBORGES, JORGE LUIS
245 1 0 _aCON LA COLOBORACION DE MARIO ESTHER VOZQUEZ LITERATURES GERMANICES MEDIERALES /
_cBORGES, JORGE LUIS
260 _a[S.N] :
_bALIANZA EDITORIAL ،
_c1982
300 _a139
650 0 4 _aLITERATURE
650 0 4 _aFICTION
650 0 4 _aSPANISH LITERATURE
650 0 4 _aSPANISH FICTION
942 _2ddc
_cBK
999 _c10724
_d10724